000
00299nam a2200121Ia 4500
008
220216s9999 xx 000 0 und d
100
_a
Elizabeth K I
245
0
_a
Ulpannagalkku mikavekunna rubber swabhavam
260
_b
Rubber
_c
2014
300
_a
16-18
650
_a
Rubber products
942
_c
JS
999
_c
71709
_d
71709